000 01928nam a2200337Ia 4500
999 _c41621
_d41621
001 8290
003 GE_BSU
005 20211119120911.0
008 181216s2012||||ge |||||||||||||| ||geo||
020 _a9789941042416
040 _cGE_BSU
041 _ageo
080 _a338.48+502/504 მ-59
100 _aმეტრეველი, მარინა
_912972
245 _aგარემო და ეკოტურიზმის მენეჯმენტი= Environment and ecotourism management /
_cმარინა მეტრეველი ; [თარგმ. (ინგლ., რუს.) ეკატერინე კიკვაძე ; სარედ. კოლ.: გია ქაჯაია [და სხვ.] ; ფოტოგრაფი ავთანდილ მეტრეველი].
264 _aთბილისი
_bშპს"ფავორიტი პრინტი
_c2012
300 _a496 გვ.;
_bსურ., ცხრ., სქ. ;
_c20 სმ.
500 _a პარალ. თავფურ. ინგლ.
501 _aდანართები: გვ. 371-494.
504 _aბიბლიოგრ. თავების ბოლოს.
541 _h40ლ.
653 _aეკოტურიზმი
653 _aგარემოს დაცვა
700 _aკიკვაძე, ეკატერინე
_eმთარგმნელი
_912973
700 _aქაჯაია, გია
_eრედაქტორი
_92561
700 _aქუთათელაძე, რუსუდან
_eრედაქტორი
_912974
700 _aწერეთელი, მარი
_eრედაქტორი
_912975
700 _a გოხელაშვილი, რამაზ
_eრედაქტორი
_912976
700 _aმეტრეველი, ავთანდილ
_eფოტო
_92923
942 _cBK
_2udc